Сборник решений Подольской палаты гражданского суда, напечатанных в Подольских губернских ведомостях ... ... за период времени с 1 апреля по 1 июля 1870 года (Запись № 12280129)
[ простой вид ]
| 000 -МАРКЕР | |
|---|---|
| контрольное поле | 01726nam2a2200241 4500 |
| 001 - ИДЕНТИФИКАТОР ЗАПИСИ | |
| контрольное поле | RU\NLR\BIBL_A\011561783 |
| 005 - ИДЕНТИФИКАТОР ВЕРСИИ | |
| контрольное поле | 20250626093252.0 |
| 035 ## - ДРУГИЕ СИСТЕМНЫЕ НОМЕРА | |
| Идентификатор записи | (NLR Aleph) 011561783 |
| 100 ## - ДАННЫЕ ОБЩЕЙ ОБРАБОТКИ | |
| Данные общей обработки | 20060512d1870 |||y0rusy50 ca |
| 101 0# - ЯЗЫК РЕСУРСА | |
| Язык текста, звукозаписи и т.д. | русский |
| 102 ## - СТРАНА ПУБЛИКАЦИИ ИЛИ ПРОИЗВОДСТВА | |
| Страна публикации | Российская Федерация |
| 105 ## - ПОЛЕ КОДИРОВАННЫХ ДАННЫХ: ТЕКСТОВЫЕ МАТЕРИАЛЫ, МОНОГРАФИЧЕСКИЕ | |
| Кодированные данные о монографическом текстовом документе | y z |
| 200 0# - ЗАГЛАВИЕ И СВЕДЕНИЯ ОБ ОТВЕТСТВЕННОСТИ | |
| Основное заглавие | ... за период времени с 1 апреля по 1 июля 1870 года |
| 210 ## - ПУБЛИКАЦИЯ, РАСПРОСТРАНЕНИЕ И ДР. | |
| Дата издания, распространения и т.д. | 1870 |
| Место издания, распространения и т.д. | Б. м. |
| 215 ## - ФИЗИЧЕСКАЯ ХАРАКТЕРИСТИКА | |
| Специфическое обозначение материала и объем | Разд. паг. |
| 316 ## - ПРИМЕЧАНИЯ ОБ ОСОБЕННОСТЯХ ЭКЗЕМПЛЯРА | |
| Текст примечания | Является частью владельческого конволюта с общ. загл.: Сборник решений Подольской палаты гражданского суда, напечатанных в Подольских губернских ведомостях ... |
| Организация и экземпляр, к которому относится поле | NLR |
| 461 #0 - УРОВЕНЬ НАБОРА | |
| Встроенное поле | 001v19\rc\1379844 |
| -- | 2001#$aСборник решений Подольской палаты гражданского суда, напечатанных в Подольских губернских ведомостях ...$v... за период времени с 1 апреля по 1 июля 1870 года |
| Системный номер (АБИС) связанной записи | 4810457 |
| Автор | Подольская палата гражданского суда |
| Место публикации | Каменец-Подольск |
| Дата публикации | 1869 |
| Имя издателя, распространителя и т.д. | в Типографии Подольского губернского управления |
| Заглавие | Сборник решений Подольской палаты гражданского суда, напечатанных в Подольских губернских ведомостях ... |
| Номер тома | ... за период времени с 1 апреля по 1 июля 1870 года |
| 852 ## - МЕСТОНАХОЖДЕНИЕ И ШИФР ХРАНЕНИЯ | |
| Идентификатор организации | NLR |
| Шифр хранения (Call Number) | 18.35.1.391(2-2) |
| 942 ## - ДОПОЛНИТЕЛЬНЫЕ ЭЛЕМЕНТЫ ЗАПИСИ (АБИС) | |
| Тип экземпляра АБИС | Книга |
| 980 ## - КОЛЛЕКЦИЯ | |
| Название коллекции | Национальная библиография |
Нет доступных экземпляров.